000 01372cam a2200277 4500
008 030422n2003 000 0 eng u
020 _a0951266268
035 _a(Sirsi) u122051
041 _aeng
050 _a690.0285
_c18
110 _aConstruction Project Information Committee
_93694
245 _aProduction information
_ba code of procedure for the construction industry
260 _bCIPC
_c2003
300 _a152p.
_bill.
_c30cm.
350 _a35
520 _aThis code aims to provide practical guidance on the preparation of good production information through the use of widely adopted computer systems. Effective communication of high quality production information between designers and constructors is essential for the effective realisation of construction projects. This code reveals how modern CAD systems can contribute greatly to the quality and clarity of drawn production information. Also offers guidance on specification based on the use of the dominant computer systems, along with advice on schedules of work.
650 _aPRODUCTION INFORMATION
650 _aCAD SYSTEMS
650 _aSPECIFICATION
650 _aMANAGEMENT-PROJECT MANAGEMENT
650 _aCONSTRUCTION PROCESS
650 _aMANAGEMENT-BUSINESS MANAGEMENT-INFORMATION MANAGEMENT
650 _aCODE OF PRACTICE
690 _aBUILT ENVIRONMENT
942 _n0
999 _c102774
_d102774